Statistiques concernant Capitales mondiales les plus proches d'Islamabad

Cliquez ici pour prendre le quiz!

Statistiques générales

  • Ce quiz a été pris 107 fois
  • Le résultat moyen est 10 sur 20

Statistiques - réponses

kmcapitale% Correct
689New Delhi
85%
1990Téhéran
76%
2652Bagdad
75%
370Kaboul
75%
2013Dacca
54%
1945Astana
53%
2184Bakou
53%
1346Katmandou
53%
2279Doha
51%
1030Bichkek
47%
2625Erevan
46%
2422Koweït
46%
2627Tbilissi
46%
2083Abou Dabi
44%
911Tachkent
44%
660Douchanbé
42%
1404Achgabat
41%
1727Thimphou
39%
2314Manama
36%
1816Mascate
32%

Distribution des résultats

Percentile par nombre de réponses

% des personnes avec chaque résultat

Votre développement - résultats

Vous n’avez pas pris ce quiz